Statistics for NCAA Team Nicknames

Click here to take the quiz!

General Stats

  • This quiz has been taken 178 times
  • The average score is 19 of 22

Answer Stats

HintAnswer% Correct
UCLABruins
97%
Florida StateSeminoles
97%
DukeBlue Devils
96%
SyracuseOrange
96%
OklahomaSooners
95%
TennesseeVolunteers
95%
NebraskaCornHuskers
93%
MissouriTigers
92%
CincinnatiBearcats
91%
UtahUtes
91%
IowaHawkeyes
90%
Oklahoma StateCowboys
89%
Ole MissRebels
89%
Georgia TechYellow Jackets
89%
Arizona StateSun Devils
86%
NavyMidshipmen
85%
MarylandTerrapins
85%
RiceOwls
78%
New MexicoLobos
77%
BYUCougars
76%
AkronZips
76%
IdahoVandals
63%

Score Distribution

Percentile by Number Answered

Percent of People with Each Score

Your Score History

You have not taken this quiz